Statistics for korean slangs

Click here to take the quiz!

General Stats

  • This quiz has been taken 401 times
  • The average score is 2 of 11

Answer Stats

HintRomanisationAnswer% Correct
jjangawesome
71%
heolomg
39%
심쿵shimkoongheart attack
16%
당근dangeunofcourse
16%
아싸assaYay
13%
빡친다Bbakchindaangry
9%
얼짱ulzzanggood looking
9%
쩔어zzulausick
8%
뭥미?mwongmi?what the
8%
돌대가리doldaegariretard
5%
대박Daebaksuper cool
5%

Score Distribution

Percentile by Number Answered

Percent of People with Each Score

Your Score History

You have not taken this quiz